Relaciones escolares y diferencias culturales : la educación en perspectiva intercultural /
Guardado en:
| Autor Principal: | |
|---|---|
| Otros Autores: | , , , , , , , , , |
| Formato: | Libro |
| Idioma: | Undetermined |
| Publicado: |
Buenos Aires :
Noveduc,
2023.
|
| Edición: | 1a ed. |
| Series: | Formando docentes / INFoD
|
| Materias: | |
| Etiquetas: |
Agregar Etiqueta
Sin Etiquetas, Sea el primero en etiquetar este registro!
|
| LEADER | 02470nam a22004095a 4500 | ||
|---|---|---|---|
| 001 | CEM.cems020369 | ||
| 008 | 230817s2023####ag############000#0#und#d | ||
| 005 | 20230822171612.0 | ||
| 245 | 1 | 0 | |a Relaciones escolares y diferencias culturales : |b la educación en perspectiva intercultural / |c Compilado por Alicia Inés Villa y María Elena Martínez. |
| 250 | |a 1a ed. | ||
| 260 | |a Buenos Aires : |b Noveduc, |c 2023. | ||
| 300 | |a 232 p. | ||
| 490 | 1 | |a Formando docentes / INFoD | |
| 500 | |a Edición especial para el Ministerio de Educación de la Nación. | ||
| 505 | 0 | |a El lugar del negro en la cultura escolar argentina o la cuestión negra en los actos escolares del 25 de mayo / Anny Ocoró Loango -- Jóvenes mujeres con discapacidad en la escuela: interrogantes y reflexiones desde una perspectiva intercultural / María Elena Martínez y Pilar Cobeñas -- Niños criminales: intervenciones pedagógicas sobre "otras" infancias y juventudes / Alicia Inés Villa y César Martín Barletta -- Experiencias de jóvenes mujeres de escuelas técnicas en la producción de géneros, sexualidades y disciplinas / Viviana Seoane -- Políticas, retóricas y prácticas educativas en torno a la cuestión de las "diferencias". Itinerarios de un siglo largo en el tratamiento de la cuestión de migrantes e indígenas / Sofía Thisted -- Activismo intercultural: una mirada descolonizadora, crítica e interseccional / Raúl Díaz y Alejandra Rodríguez de Anca -- Continuidades y discontinuidades entre sistemas educativos nacionales: la educación en Bolivia y en Argentina desde una perspectiva intercultural / María Laura Diez y Gabriela Novaro | |
| 020 | |a 9789875389533 | ||
| 100 | 1 | |a Villa, Alicia Inés. | |
| 700 | 1 | |a Martínez, María Elena. | |
| 700 | 1 | |a Ocoró Loango, Anny. | |
| 700 | 1 | |a Martínez, María Elena. | |
| 700 | 1 | |a Cobeñas, Pilar. | |
| 700 | 1 | |a Barletta, César Martín. | |
| 700 | 1 | |a Seoane, Viviana. | |
| 700 | 1 | |a Thisted, Sofía. | |
| 700 | 1 | |a Díaz, Raúl. | |
| 700 | 1 | |a Rodríguez de Anca, Alejandra. | |
| 700 | 1 | |a Diez, María Laura. | |
| 700 | 1 | |a Novaro, Gabriela. | |
| 653 | |a Aulas diversas | ||
| 653 | |a Género y sexualidades | ||
| 653 | |a Racismo | ||
| 653 | |a Interculturalidad | ||
| 653 | |a Diversidad | ||
| 653 | |a Nuevas infancias | ||
| 653 | |a Nuevas juventudes | ||
| 859 | |a CEMS |b BIB. CEMS - 11 de abril |h 370.19 |i V711 |p 29596.23 |t Ej.1 | ||
| 859 | |a CEMS |b BIB. CEMS - Ccias. Educacion |h 370.19 |i V711 |k CE |p 29597.23 |t Ej.2 | ||
